| 000 | 00645nam a22002297a 4500 | ||
|---|---|---|---|
| 003 | OSt | ||
| 005 | 20220107122720.0 | ||
| 008 | 130819b xxu||||| |||| 00| 0 eng d | ||
| 020 | _a9781439808757 | ||
| 040 | _cIIITM-K | ||
| 082 | 0 | 0 | _a519.23 KUL/M |
| 100 | 1 |
_aKulkarni, Vidyadhar G _91842 |
|
| 245 | 1 | 0 |
_aModeling and analysis of stochastic systems _cby Vidyadhar G. Kulkarni |
| 250 | _a2nd ed. | ||
| 260 |
_aBoca Raton, _bCRC Press, _c2010. |
||
| 300 | _axxi, 542p. | ||
| 440 |
_aTexts in statistical science _91843 |
||
| 650 | 0 |
_aMATHEMATICS _91844 |
|
| 650 | 0 |
_aMATLAB _91845 |
|
| 650 | 0 |
_aSTOCHASTIC PROCESSES _91846 |
|
| 942 |
_2ddc _cBK |
||
| 999 |
_c3238 _d3238 |
||